QUANTITATIVE ANALYSIS OF PHARMACEUTICAL FORMULATION METHODS WITH REACTION MECHANISM VOL 2 (Record no. 383941)

MARC details
000 -LEADER
fixed length control field 00454nam a2200157Ia 4500
008 - FIXED-LENGTH DATA ELEMENTS--GENERAL INFORMATION
fixed length control field 230516s2012 xx 000 0 und d
041 ## - LANGUAGE CODE
Language code of text/sound track or separate title eng
082 ## - DEWEY DECIMAL CLASSIFICATION NUMBER
Classification number 615.190
Item number SET
100 ## - MAIN ENTRY--PERSONAL NAME
Personal name SETHI P. D.
245 ## - TITLE STATEMENT
Title QUANTITATIVE ANALYSIS OF PHARMACEUTICAL FORMULATION METHODS WITH REACTION MECHANISM VOL 2
260 ## - PUBLICATION, DISTRIBUTION, ETC.
Name of publisher, distributor, etc. CBS PUBLICATION & DISTRIBUTORS
Date of publication, distribution, etc. 2012
300 ## - PHYSICAL DESCRIPTION
Extent 472
365 ## - TRADE PRICE
Tax rate 1 20
520 ## - SUMMARY, ETC.
Summary, etc. PQA
650 ## - SUBJECT ADDED ENTRY--TOPICAL TERM
Topical term or geographic name entry element PHARMACEUTICAL QUALITY ASSURANCE
Holdings
Withdrawn status Lost status Damaged status Not for loan Home library Current library Date acquired Source of acquisition Total Checkouts Full call number Barcode Date last seen Price effective from Koha item type
        College of Pharmacy, Navi Mumbai College of Pharmacy, Navi Mumbai 16/05/2023 Sai Book Center, 693, Budhwar peth 1/2 Saubhagya building, Bajirao Road, Pune-411002 020-24473272 Email: saibookpune@yahoo.in   615.190 SET PCM-M-1480 16/05/2023 16/05/2023 Book